| 000 | 01026nac a22002531u 4500 | ||
|---|---|---|---|
| 008 | 090528t xxu||||| |||| 00| 0 eng d | ||
| 010 | _a2007927365 | ||
| 020 | _a9780324645170 | ||
| 020 | _a0324645171 | ||
| 020 | _a9780324584523 | ||
| 020 | _a0324584520 | ||
| 082 |
_a338.5 _bLAN |
||
| 100 |
_aLandsburg, Steven E., _95598 |
||
| 245 | 1 | 0 |
_aPrice Theory / _cSteven E. Landsburg. |
| 250 | _aInternational student ed. | ||
| 260 |
_aMason, OH : _bThomson South-Western, _cc2008. |
||
| 300 |
_axxiii, 683 p. : _bill. ; _c26 cm. |
||
| 504 | _aIncludes bibliographical references and index. | ||
| 650 | 0 |
_aMicroeconomics. _95599 |
|
| 650 | 0 |
_aPrices. _95600 |
|
| 942 |
_cBB _k338.5LAN _2ddc |
||
| 999 |
_c8760 _d8760 |
||